000 00876nam a22002657a 4500
003 CHAP
005 20220329134955.0
008 971013s r 00010 d
010 _a28919
011 _a29891
035 _a34002
040 _cCHAP
090 _aR-2452
100 0 0 _aLeeuw, G. T. N. de.
_965625
245 _aDeposition on lignin, suberin and callose in relation to the restriction of infection by Botrytis cinerea in ghost spost of tomato fruits
500 _aSobretiro de: Phytopath. Z. 112:143-152, 1985.
590 _aBATCH-UPD
_b10
_c20130110
_lUCH01
_h0018
590 _aBATCH-UPD
_b10
_c20130110
_lUCH01
_h1654
590 _aCONVERSION
_b10
_c20130109
_lUCH01
_h1317
650 1 4 _aBotrytis cinerea.
_914705
650 1 4 _aTomate
_xEnfermedades por hongos.
_9113713
901 _aBK
942 _cREIMP
949 _aR-2452
_bBC
_cR
_d-78832
_eTS1
_i34002
_si
999 _c28919
_d28919